[Sefer Be'er Haluchot]

Hlavní autor: Auspitz, Jacob, činný ca 1817
Další autoři: Prixner, Gottfried, 18. stol., Münze, Moses, 1750-1831
Jazyk: Hebrejština
Vydáno: [Ofen - Budapest : A. Geunther], 1817
Témata:
Externí odkaz: Digitalizovaný dokument
Fyzický popis: 1 mapa : mědirytina, ručně kolorovaná, podlepená plátnem ; 30,6 x 43 cm na listu 33 x 45,6 cm
Mapy
Uloženo v:
LEADER 02319nem a22004332a 4500
001 mzk03001066223
003 CZ BrMZK
005 20130321101628.0
007 aj|caf||
008 080722s1817 hu i||||||a|||r|||||hebod
034 0 |a a  |d E0334544  |e E0362555  |f N0333611  |g N0310559 
040 |a BOA001  |b cze 
043 |a a-is--- 
072 7 |a 912:904  |x Staré mapy  |2 Konspekt  |9 7 
080 |a (084.3)  |2 MRF 
080 |a (394.5)  |2 MRF 
080 |a (569.4)  |2 MRF 
100 1 |a Auspitz, Jacob,  |d činný ca 1817  |4 aut 
245 1 0 |a [Sefer Be'er Haluchot]  |h [kartografický dokument] /  |c Prixner sc. 
246 3 |a מפה של ארצ הקדישה כמו שהיא בתנ"ך ... העתק מלשון לטיין ללה"ק ע"י יעקב אוישפיץ מאובן ישן ... בהסכמת ... משה מינץ 
255 |a Měřítko  |c (033°45´44" v.d.--036°25´55" v.d./033°36´11" s.š.--031°05´59" s.š.) 
260 |a [Ofen - Budapest :  |b A. Geunther],  |c 1817 
300 |a 1 mapa :  |b mědirytina, ručně kolorovaná, podlepená plátnem ;  |c 30,6 x 43 cm na listu 33 x 45,6 cm 
500 |a Hebrejská mapa je pouze zlomkem z knihy (atlasu) Jacoba Auspitze vydané v Budapešti roku 1817, která byla jako studijní příručka určena pro lepší porozumění starozákonnímu textu. Původní vydání obsahovalo 5 map. Katalogizovaná jednotka zobrazuje budoucí znovurozdělení Svaté země mezi izraelské kmeny a je tak svědectvím rodícího se sionistického hnutí. 
500 |a Výzdoba: V levém horním rohu názvová kartuš s alegorickou figurální výzdobou (Eliezer a Jozue), směrová růžice, v mapovém rámci geografické souřadnice, souřadnicová síť, v pravém dolním rohu deska s grafickými měřítky 
510 3 |a www(Arts - Judaica Gallery - Old maps - Auspitz) 
510 3 |a www(Holy Land Maps) 
510 3 |a www(Jewish Encyclopedia) 
655 7 |a historické mapy  |7 fd186723  |2 czenas 
651 7 |a Palestina  |7 ge130360  |2 czenas 
700 1 |a Prixner, Gottfried,  |d 18. stol.  |4 egr 
700 1 |a Münze, Moses,  |d 1750-1831  |4 oth 
856 4 1 |u http://mapy.mzk.cz/mzk03/001/066/223/2610355772  |y Digitalizovaný dokument 
910 |a BOA001  |b STMpa-1155.522 
978 |b Geunther, A.  |a Budapest  |c 1817 
984 |a Budapešť  |b Maďarsko 
985 |a 1801-1850 
990 |a MP 
991 |k mzk